Deutsche Fußballvereine Bundesliga - Regionalliga - Statistiken

Allgemein
  • Dieses Quiz wurde 94 mal gespielt
  • Das Durchschnittsergebnis liegt bei 99 aus 146
Antwortstatistiken
Verein % Korrekt
1. FC Union Berlin
99%
1. FSV Mainz 05
99%
1. FSV Mainz 05 II
99%
Bayer 04 Leverkusen
99%
Borussia Dortmund
99%
Borussia Dortmund II
99%
Hamburger SV
99%
TSG Hoffenheim
99%
TSV Schott Mainz
99%
VfB Stuttgart
99%
1. FC Köln
97%
Eintracht Frankfurt
97%
SC Freiburg
97%
SC Freiburg II
97%
TSG Hoffenheim II
97%
VfL Wolfsburg
97%
Werder Bremen
97%
Werder Bremen II
97%
1. FC Lok Leipzig
96%
Bayern München
96%
Bayern München II
96%
FC Viktoria Köln
96%
Stuttgarter Kickers
96%
1. FC Heidenheim
94%
1. FC Nürnberg
94%
1. FC Nürnberg II
94%
FC Augsburg
94%
FC Augsburg II
94%
Arminia Bielefeld
93%
Bor. Mönchengladbach
93%
BSG Chemie Leipzig
93%
FC St. Pauli
93%
Fortuna Köln
93%
Holstein Kiel
93%
Eintracht Braunschweig
92%
Hertha BSC
92%
Hertha BSC II
92%
Schwaben Augsburg
92%
VfL Bochum
92%
VfL Bochum II
92%
1. FC Kaiserslautern
90%
1. FC Saarbrücken
90%
Alemannia Aachen
90%
FC Schalke 04
90%
FC Schalke 04 II
90%
FSV Frankfurt
90%
Rot-Weiß Essen
90%
SpVgg Fürth
90%
SpVgg Fürth II
90%
1. FC Magdeburg
89%
1. FC Magdeburg II
89%
Hannover 96
89%
Hannover 96 II
89%
MSV Duisburg
89%
SV Waldhof Mannheim
89%
1. FC Köln II
87%
Dynamo Dresden
87%
Fortuna Düsseldorf
87%
Fortuna Düsseldorf II
87%
SV Elversberg
87%
Hansa Rostock
86%
HSC Hannover
86%
Karlsruher SC
86%
SSV Ulm 1846
86%
Preußen Münster
85%
SC Paderborn 07
85%
SC Paderborn 07 II
85%
FC Ingolstadt 04
83%
TSV 1860 München
83%
SV Darmstadt 98
82%
Bor. Mönchengladbach II
80%
Energie Cottbus
80%
RB Leipzig
80%
Hamburger SV II
79%
1. FC Schweinfurt
77%
Jahn Regensburg
76%
1. FC Phönix Lübeck
72%
Carl Zeiss Jena
72%
SV Wehen Wiesbaden
72%
VfB Lübeck
72%
Erzgebirge Aue
70%
Kickers Offenbach
70%
Rot-Weiß Erfurt
70%
VfB Oldenburg
70%
VfL Osnabrück
70%
Chemnitzer FC
68%
SC Verl
68%
Würzburger Kickers
66%
Hessen Kassel
65%
SpVgg Bayreuth
63%
TSV Havelse
63%
Eintracht Trier
62%
Hallescher FC
62%
Rot-Weiß Oberhausen
59%
SpVgg Unterhaching
59%
FSV Zwickau
58%
SC Weiche Flensburg
58%
FC St. Pauli II
56%
Bonner SC
55%
SV Sandhausen
55%
BFC Dynamo
54%
FC 08 Homburg
54%
SV Meppen
54%
Wuppertaler SV
54%
BFC Preussen
49%
Greifswalder FC
49%
SV Babelsberg 03
45%
FV Illertissen
44%
Viktoria Aschaffenburg
44%
Altona 93
41%
Bremer SV
41%
Sportfreunde Lotte
41%
Kickers Emden
39%
Sportfreunde Siegen
39%
Wacker Burghausen
39%
SG Barockstadt Fulda-Lehnerz
38%
Eintracht Norderstedt
37%
ZFC Meuselwitz
34%
SV Drochtersen/Assel
32%
Hertha Zehlendorf
31%
1. FC Bocholt
30%
Bahlinger SC
28%
SV Rödinghausen
28%
SG Sonnenhof Großaspach
27%
SpVgg Ansbach
27%
TSG Balingen
27%
VfB Stuttgart II
27%
VSG Altglienicke
27%
FC Eilenburg
25%
Bayern Alzenau
24%
DJK Vilzing
24%
BW Lohne
23%
FC Memmingen
23%
SSV Jeddeloh II
23%
FC Gütersloh
21%
VfB Eichstätt
21%
FSV Luckenwalde
20%
SC Wiedenbrück
18%
SSVg Velbert
18%
FC-Astoria Walldorf
17%
TSV Aubstadt
17%
TSV Buchbach
17%
TSV Steinbach Haiger
17%
FSV Schöningen
15%
SGV Freiberg
14%
SpVgg Hankofen-Hailing
10%
Keine übereinstimmenden Quizze gefunden
Verteilung der Resultate
Anzahl Personen mit jedem Resultat
Perzentil nach korrekt beantworteten Fragen
Ihre Resultats-Entwicklung
Sie haben dieses Quiz noch nicht gespielt